| 000 | 00777nam a2200193 4500 | ||
|---|---|---|---|
| 001 | 123641 | ||
| 003 | ES-MaACL | ||
| 005 | 20230906192219.0 | ||
| 007 | t| | ||
| 008 | 070214s1958 sp r ||||1| spa d | ||
| 100 | 1 |
_aRaich Ullán, Salvador. _995021 |
|
| 245 | 1 | 3 |
_aEl jazz y sus críticas _b: (criterio básico de crítica artística) = Criticims of jazz : (fundamental standards of art criticism) = Le jazz et ses critiques / _cS. Raich. |
| 260 |
_aBarcelona : _bCasa Provincial de Caridad, _c1958. |
||
| 300 |
_a64 p., 2 h., 64 p., 2 h., 68 p., 2 h. ; _c19 cm. |
||
| 500 | _aTexto en inglés, español y francés . - Otras port. en español y francés. | ||
| 740 | 0 | _aCriticims of jazz. | |
| 740 | 0 | _aLe jazz et ses critiques. | |
| 852 |
_aES-MaACL _jC-14770 _bR.42658 |
||
| 999 |
_c123641 _d123641 |
||